Word studies: (Record no. 4962)

000 -LEADER
fixed length control field 00704nam a2200193 a 4500
001 - CONTROL NUMBER
control field :::00002703$&:&@@
003 - CONTROL NUMBER IDENTIFIER
control field OkBaRHE
005 - DATE AND TIME OF LATEST TRANSACTION
control field 20000830153729.0
008 - FIXED-LENGTH DATA ELEMENTS--GENERAL INFORMATION
fixed length control field s1983 j 000 0 eng u
040 ## - CATALOGING SOURCE
Transcribing agency
100 1# - MAIN ENTRY--PERSONAL NAME
Personal name Wuest, Kenneth S.
245 10 - TITLE STATEMENT
Title Word studies:
Remainder of title in the Greek New Testament; vol. 1.
260 ## - PUBLICATION, DISTRIBUTION, ETC. (IMPRINT)
Place of publication, distribution, etc Grand Rapids, MI.,
Name of publisher, distributor, etc Wm. B. Eerdmans Publishing Co.
Date of publication, distribution, etc c1983
300 ## - PHYSICAL DESCRIPTION
Extent v. (1-4) ;
Dimensions 20 cm.
650 ## - SUBJECT ADDED ENTRY--TOPICAL TERM
Topical term or geographic name as entry element Bible New Testament
General subdivision Word Studies
942 ## - ADDED ENTRY ELEMENTS (KOHA)
Source of classification or shelving scheme
Koha item type Books
Copies
Koha item type Date acquired Copy number Full call number Lost status Source of classification or shelving scheme Permanent Location Withdrawn status Not for loan Barcode Damaged status Price effective from Date last seen Shelving location
Books2010-04-141BS 2333.2 .W8  RHEMA Bible Training College  2703 2010-04-142018-03-16General Stacks
Books2010-04-142BS 2333.2 .W8 V.1  RHEMA Bible Training College  19876 2010-04-142018-03-16General Stacks